000 00669cab a2200253 4500
001 WB2730-21
008 090401t1991 xxu||||| |||| 00| 0 eng d
035 _a(Sirsi) u50653
041 _aeng
245 _aFeu system must go
260 _c1991
350 _a0
490 _aScotsman
_v25/7/91 p6
520 _aThe Scottish Law Commission has called for the abolition of feu duties in Scotland to bring the country into line with the rest of Europe.
650 _aLAND LAW
650 _aLAND OWNERSHIP
650 _aREAL BURDENS
650 _aREFORM
650 _aSUPERIOR
650 _aVASSAL
690 _aLAND
942 _n0
948 _c04/03/1997
999 _c31610
_d31610